Producenci produkujący Telewizory - Statystyki

Ogólne statystyki
  • Ten quiz został rozwiązany 319 razy
  • Średni wynik to 6 z 13
Statystyki odpowiedzi
Odpowiedzi % Poprawnych
Samsung
97%
LG
88%
Sony
77%
Philips
57%
Panasonic
53%
Xiaomi
43%
Toshiba
41%
Sharp
39%
Manta
36%
TCL
31%
Hisense
19%
Blaupunkt
17%
Kruger&Matz
12%
Nie znaleziono quizów pasujących do podanych kryteriów
Rozkład punktacji
Procent ludzi z każdym wynikiem
Percentyl według liczby udzielonych odpowiedzi
Twoja historia wyników
Nie rozwiązałeś tego quizu